[Event "CHN-ch Gp-B (Women)"]
[Site "Liaocheng"]
[Date "2024.04.25"]
[Round "9"]
[White "Zhao, Yunqing"]
[Black "Wang, Chuqiao"]
[Result "1/2-1/2"]
[WhiteElo "1965"]
[BlackElo "2302"]
[PlyCount "113"]
[EventDate "2024.04.21"]
[EventType "swiss"]
[EventRounds "11"]
[EventCountry "CHN"]
[SourceTitle "CB18_2024"]
[SourceDate "2024.05.01"]
[SourceVersion "1"]
[SourceVersionDate "2024.05.01"]
[SourceQuality "2"]

1. d4 Nf6 2. Nf3 d5 3. c4 e6 4. g3 Bb4+ 5. Bd2 Be7 6. Bg2 0-0 7. 0-0 c6 8. Qc2 b6 9. Bf4 Bb7 10. Rd1 Nbd7 11. Ne5 Nh5 12. Bc1 Rc8 13. Nc3 Qc7 14. Nxd7 Qxd7 15. Qa4 Nf6 16. Bf4 dxc4 17. Qxc4 Nd5 18. Nxd5 cxd5 19. Qd3 Qa4 20. Qb3 Qxb3 21. axb3 a5 22. Bd2 Ba6 23. Bf1 Bb5 24. Rdc1 Rfd8 25. e3 Bxf1 26. Kxf1 Kf8 27. Ke2 Ke8 28. Kd3 Kd7 29. Rc3 Rc6 30. Rac1 Rdc8 31. f3 Bd6 32. Rf1 Rg8 33. e4 f6 34. exd5 exd5 35. g4 Rcc8 36. Rxc8 Rxc8 37. h3 Re8 38. Re1 Rxe1 39. Bxe1 Kc6 40. Bd2 g6 41. Ke2 Kb5 42. Kd3 Kc6 43. Ke2 Kd7 44. Kf2 Ke6 45. f4 Bf8 46. b4 Bxb4 47. Bxb4 axb4 48. b3 h6 49. h4 Kf7 50. Kg3 f5 51. gxf5 Kf6 52. fxg6 Kxg6 53. Kg4 h5+ 54. Kg3 Kf6 55. Kf2 Ke6 56. Ke2 Kf5 57. Kf3 1/2-1/2

[Event "CHN-ch Gp-B (Women)"]
[Site "Liaocheng"]
[Date "2024.04.24"]
[Round "8"]
[White "Wang, Chuqiao"]
[Black "Zhou, Shumeng"]
[Result "1/2-1/2"]
[WhiteElo "2302"]
[BlackElo "1800"]
[PlyCount "107"]
[EventDate "2024.04.21"]
[EventType "swiss"]
[EventRounds "11"]
[EventCountry "CHN"]
[SourceTitle "CB18_2024"]
[SourceDate "2024.05.01"]
[SourceVersion "1"]
[SourceVersionDate "2024.05.01"]
[SourceQuality "2"]

1. d4 d5 2. c4 e6 3. Nc3 Nf6 4. cxd5 exd5 5. Bg5 c6 6. e3 Be7 7. Bd3 h6 8. Bf4 0-0 9. Nge2 Re8 10. 0-0 Nbd7 11. Rb1 a5 12. Qc2 Nh5 13. Nxd5 Nxf4 14. Nxe7+ Qxe7 15. Nxf4 Nf8 16. Rbc1 Ne6 17. Nxe6 Bxe6 18. a3 Red8 19. Qc5 Qf6 20. Qb6 Rd7 21. Rc5 a4 22. Ra5 Rxa5 23. Qxa5 Bb3 24. Rc1 Qe7 25. Qc5 Qd8 26. Qb4 g6 27. Bc4 c5 28. dxc5 Bxc4 29. Qxc4 Rd1+ 30. Rxd1 Qxd1+ 31. Qf1 Qc2 32. Qa1 Qxc5 33. Qd1 b5 34. h3 h5 35. Qd8+ Kh7 36. Qd4 Qc6 37. Kh2 Kg8 38. f4 f5 39. Kg3 Kf7 40. Kf2 Kg8 41. Qd1 Kf7 42. b3 axb3 43. Qxb3+ Kg7 44. Qb2+ Kf7 45. Kg3 Qd5 46. Qe5 h4+ 47. Kxh4 Qxg2 48. Qc7+ Kf6 49. Qd8+ Kf7 50. Qc7+ Kf6 51. Qc3+ Kf7 52. Qe1 Qb2 53. Kg3 Qxa3 54. Qd2 1/2-1/2

[Event "CHN-ch Gp-B (Women)"]
[Site "Liaocheng"]
[Date "2024.04.22"]
[Round "3"]
[White "Wang, Yi1"]
[Black "Wang, Chuqiao"]
[Result "0-1"]
[WhiteElo "1782"]
[BlackElo "2302"]
[PlyCount "94"]
[EventDate "2024.04.21"]
[EventType "swiss"]
[EventRounds "11"]
[EventCountry "CHN"]
[SourceTitle "CB18_2024"]
[SourceDate "2024.05.01"]
[SourceVersion "1"]
[SourceVersionDate "2024.05.01"]
[SourceQuality "2"]

1. e4 e5 2. Nc3 Nc6 3. Nf3 Nf6 4. a3 Bc5 5. Nxe5 Nxe5 6. d4 Bxd4 7. Qxd4 d6 8. Be3 Nc6 9. Qd2 Qe7 10. f3 a6 11. 0-0-0 Be6 12. Bg5 h6 13. Nd5 Bxd5 14. exd5 Ne5 15. Bh4 0-0 16. Re1 Qd8 17. Be2 Ng6 18. Bf2 c6 19. dxc6 bxc6 20. g4 Nd5 21. h4 Qf6 22. c4 Ndf4 23. Bg3 Nxe2+ 24. Qxe2 Rab8 25. Qd2 Qxf3 26. Bxd6 Rfd8 27. c5 Ne5 28. Rhf1 Qb3 29. Rxe5 Qc4+ 30. Qc3 Qxf1+ 31. Re1 Qf2 32. Bxb8 Rxb8 33. g5 Qxh4 34. gxh6 Qxh6+ 35. Kb1 Qg5 36. Re5 Qf4 37. Ka2 Qf6 38. Qe3 g6 39. Qe2 Kg7 40. Qh2 Rd8 41. Re1 Rh8 42. Qe2 a5 43. Qd2 a4 44. Re4 Rh4 45. Rb4 Qe6+ 46. Kb1 Rh1+ 47. Kc2 Qf5+ 0-1

[Event "CHN-ch Gp-B (Women)"]
[Site "Liaocheng"]
[Date "2024.04.21"]
[Round "2"]
[White "Wang, Chuqiao"]
[Black "Wu, Yiting"]
[Result "1-0"]
[WhiteElo "2302"]
[BlackElo "1721"]
[PlyCount "91"]
[EventDate "2024.04.21"]
[EventType "swiss"]
[EventRounds "11"]
[EventCountry "CHN"]
[SourceTitle "CB18_2024"]
[SourceDate "2024.05.01"]
[SourceVersion "1"]
[SourceVersionDate "2024.05.01"]
[SourceQuality "2"]

1. d4 d5 2. c4 e6 3. Nc3 Nf6 4. cxd5 exd5 5. Bg5 c6 6. e3 h6 7. Bh4 Be7 8. Bd3 0-0 9. Qc2 Nbd7 10. Nge2 Nh5 11. Bxe7 Qxe7 12. 0-0 Re8 13. a3 Nf8 14. Rae1 Bd7 15. Ng3 Nxg3 16. hxg3 Qg5 17. Na4 Rad8 18. b4 a6 19. Nc5 Bc8 20. a4 Nd7 21. b5 cxb5 22. axb5 a5 23. Nxd7 Rxd7 24. b6 Rd6 25. Qc5 Qd8 26. Rb1 Rc6 27. Qxa5 Ree6 28. Rfc1 g6 29. Bb5 Rxc1+ 30. Rxc1 Kg7 31. Rc7 Re7 32. Rxe7 Qxe7 33. Qc3 Qd8 34. Qc5 Be6 35. Bd3 Qd7 36. e4 Qd8 37. f4 Qd7 38. Bb5 Qd8 39. Qc7 Qa8 40. exd5 Bf5 41. Qe5+ Kh7 42. d6 Qd8 43. Qe7 Qxb6 44. Qxf7+ Kh8 45. Qf6+ Kh7 46. Bc4 1-0

[Event "CHN-chT Div A Finals"]
[Site "Nanjing"]
[Date "2023.12.03"]
[Round "2.9"]
[White "Ju, Wenjun"]
[Black "Wang, Chuqiao"]
[Result "1-0"]
[WhiteElo "2560"]
[BlackElo "2215"]
[PlyCount "77"]
[EventDate "2023.12.02"]
[EventType "team-tourn"]
[EventRounds "10"]
[EventCountry "CHN"]
[SourceTitle "CB50_2023"]
[SourceDate "2023.12.13"]
[SourceVersion "1"]
[SourceVersionDate "2023.12.13"]
[SourceQuality "1"]
[WhiteTeam "Shanghai"]
[BlackTeam "Chongqing Sports Lottery"]
[WhiteTeamCountry "CHN"]
[BlackTeamCountry "CHN"]

1. e4 e5 2. Nf3 Nc6 3. Bb5 a6 4. Ba4 Nf6 5. 0-0 Be7 6. d3 b5 7. Bb3 d6 8. a3 0-0 9. Nc3 Be6 10. Nd5 Na5 11. Nxf6+ Bxf6 12. Bxe6 fxe6 13. b4 Nc6 14. c3 Qd7 15. Be3 Ne7 16. h4 Rac8 17. h5 Nc6 18. Nd2 Qe7 19. Qg4 Kh8 20. a4 g6 21. g3 Rg8 22. Nf3 gxh5 23. Qxh5 Qe8 24. Qxe8 Rgxe8 25. axb5 axb5 26. Ra6 Nd8 27. Rfa1 Rb8 28. Kf1 Kg7 29. Ke2 h5 30. d4 exd4 31. cxd4 Rb7 32. Rc1 Nf7 33. Nd2 e5 34. d5 h4 35. gxh4 Bxh4 36. Nb3 Bd8 37. Ra8 Rb6 38. Na5 Ng5 39. Rg1 1-0

[Event "Wch U16 Girls"]
[Site "Montesilvano"]
[Date "2023.11.20"]
[Round "7"]
[White "Nurmanova, Alua"]
[Black "Wang, Chuqiao"]
[Result "0-1"]
[WhiteElo "2367"]
[BlackElo "2215"]
[PlyCount "78"]
[EventDate "2023.11.13"]
[EventType "swiss"]
[EventRounds "11"]
[EventCountry "ITA"]
[SourceTitle "CB48_2023"]
[SourceDate "2023.11.29"]
[SourceVersion "1"]
[SourceVersionDate "2023.11.29"]
[SourceQuality "1"]

1. e4 e5 2. Nf3 Nc6 3. Bb5 a6 4. Ba4 Nf6 5. Nc3 b5 6. Bb3 Bc5 7. a4 b4 8. Nd5 d6 9. Nxf6+ Qxf6 10. Bd5 Bb7 11. c3 bxc3 12. bxc3 Na5 13. Bxb7 Nxb7 14. a5 0-0 15. 0-0 Qe7 16. Qa4 Qe8 17. Qc2 Qc6 18. d3 Bb4 19. Ra4 Bxa5 20. Qa2 Bb6 21. d4 exd4 22. cxd4 Rfe8 23. Ng5 Re7 24. Be3 h6 25. Rc1 Qe8 26. Rxa6 Rxa6 27. Qxa6 hxg5 28. Qxb7 Rxe4 29. Ra1 Qe6 30. h3 Kh7 31. Qb8 g4 32. hxg4 Rxe3 33. fxe3 Qxe3+ 34. Kh2 Bxd4 35. Qb1+ g6 36. Ra4 Be5+ 37. Kh1 c5 38. Re4 Qh6+ 39. Kg1 Bd4+ 0-1

[Event "Biel HTO 56th"]
[Site "Biel"]
[Date "2023.07.25"]
[Round "8"]
[White "Wang, Chuqiao"]
[Black "Besou, Hussain"]
[Result "1/2-1/2"]
[WhiteElo "2161"]
[BlackElo "2348"]
[PlyCount "64"]
[EventDate "2023.07.17"]
[EventType "swiss"]
[EventRounds "10"]
[EventCountry "SUI"]
[SourceTitle "CBM 215 Extra"]
[Source "ChessBase"]
[SourceDate "2023.09.30"]
[SourceVersion "1"]
[SourceVersionDate "2023.09.30"]
[SourceQuality "1"]

1. d4 Nf6 2. c4 e6 3. Nf3 d5 4. Nc3 Be7 5. Bg5 0-0 6. e3 h6 7. Bf4 b6 8. cxd5 exd5 9. Bd3 Bb7 10. h3 c5 11. Rc1 Nbd7 12. 0-0 a6 13. b3 Re8 14. Bb1 Nf8 15. Be5 Ne4 16. Nd2 cxd4 17. Bxd4 Bf6 18. Nf3 Bxd4 19. Nxd4 Ng6 20. Nf3 Rc8 21. Qd4 Rc5 22. Na4 Rxc1 23. Rxc1 b5 24. Nc5 Qe7 25. Nxb7 Qxb7 26. Ne1 Nh4 27. Nd3 Nf5 28. Qb2 Qe7 29. Nf4 d4 30. exd4 Qg5 31. Bxe4 Rxe4 32. Ne2 Kh7 1/2-1/2

[Event "Biel HTO 56th"]
[Site "Biel"]
[Date "2023.07.20"]
[Round "4"]
[White "Wang, Chuqiao"]
[Black "Gomez Barrera, Javiera Belen"]
[Result "1/2-1/2"]
[WhiteElo "2161"]
[BlackElo "2256"]
[PlyCount "113"]
[EventDate "2023.07.17"]
[EventType "swiss"]
[EventRounds "10"]
[EventCountry "SUI"]
[SourceTitle "CBM 215 Extra"]
[Source "ChessBase"]
[SourceDate "2023.09.30"]
[SourceVersion "1"]
[SourceVersionDate "2023.09.30"]
[SourceQuality "1"]

1. d4 d5 2. c4 e6 3. Nc3 Nf6 4. cxd5 exd5 5. Bg5 c6 6. e3 h6 7. Bh4 Be7 8. Qc2 0-0 9. Bd3 Re8 10. Nf3 Ne4 11. Bxe7 Qxe7 12. 0-0 Nd7 13. Nd2 Ndf6 14. Rae1 Bf5 15. f3 Nxd2 16. Qxd2 Bxd3 17. Qxd3 b5 18. Re2 Rad8 19. Rc1 Qd7 20. Nb1 Re6 21. Nd2 Ne8 22. Nb3 Rg6 23. Rec2 h5 24. Nc5 Qe7 25. Qe2 Nd6 26. Nd3 Nc4 27. Nf4 Rf6 28. Nxh5 Re6 29. b3 Rxe3 30. Qf2 Nd6 31. Ng3 f5 32. Nf1 Re6 33. Qd2 Qh4 34. g3 Qh5 35. Qd3 Rde8 36. Rxc6 f4 37. R6c2 Nf7 38. gxf4 Qh4 39. f5 Qg5+ 40. Rg2 Qxc1 41. fxe6 Rxe6 42. Re2 Ng5 43. Rc2 Nxf3+ 44. Kh1 Rg6 45. Rc8+ Qxc8 46. Qxg6 Nxd4 47. Qg5 Qf5 48. Qxf5 Nxf5 49. Kg1 Kf7 50. Nd2 Ke6 51. Nf3 d4 52. Kf2 Kd5 53. Ke2 g6 54. Kd3 a6 55. a3 Ne3 56. Nxd4 Ng4 57. Nf3 1/2-1/2

[Event "Biel HTO 56th"]
[Site "Biel"]
[Date "2023.07.18"]
[Round "2"]
[White "Wang, Chuqiao"]
[Black "Schnell, Simon"]
[Result "1-0"]
[WhiteElo "2161"]
[BlackElo "2029"]
[PlyCount "78"]
[EventDate "2023.07.17"]
[EventType "swiss"]
[EventRounds "10"]
[EventCountry "SUI"]
[SourceTitle "CBM 215 Extra"]
[Source "ChessBase"]
[SourceDate "2023.09.30"]
[SourceVersion "1"]
[SourceVersionDate "2023.09.30"]
[SourceQuality "1"]

1. d4 Nf6 2. c4 g6 3. Nc3 d5 4. cxd5 Nxd5 5. Bd2 Bg7 6. e4 Nb6 7. Be3 0-0 8. Nf3 Bg4 9. Qd3 Nc6 10. Rd1 f5 11. exf5 Bxf5 12. Qd2 Nb4 13. Rc1 c6 14. Bh6 Qd6 15. Bxg7 Kxg7 16. Be2 Rad8 17. 0-0 N4d5 18. Bd3 Bxd3 19. Qxd3 Qf6 20. Rfe1 Nf4 21. Qe3 Nbd5 22. Nxd5 Nxd5 23. Qe4 Rde8 24. Rc2 Nf4 25. Rc5 Nd5 26. Ra5 a6 27. Ra3 Qf5 28. Rb3 Rb8 29. Qxf5 gxf5 30. Ng5 Rg8 31. Ne6+ Kf7 32. Rh3 Nf6 33. Rf3 Rg4 34. Rxf5 Kg6 35. Rfe5 Nd5 36. g3 Kf7 37. h3 Rg6 38. Nc7 e6 39. Nxe6 Nb4 1-0

[Event "CHN-chT DivA"]
[Site "Fuling"]
[Date "2023.06.06"]
[Round "2.5"]
[White "Wang, Chuqiao"]
[Black "Zhai, Mo"]
[Result "1/2-1/2"]
[WhiteElo "2061"]
[BlackElo "2347"]
[PlyCount "203"]
[EventDate "2023.06.05"]
[EventType "team-tourn"]
[EventRounds "11"]
[EventCountry "CHN"]
[SourceTitle "CBM 214 Extra"]
[Source "ChessBase"]
[SourceDate "2023.07.31"]
[SourceVersion "1"]
[SourceVersionDate "2023.07.31"]
[SourceQuality "1"]
[WhiteTeam "Chongqing Sports Lottery"]
[BlackTeam "Hangzhou Bank"]
[WhiteTeamCountry "CHN"]
[BlackTeamCountry "CHN"]

1. d4 Nf6 2. c4 e6 3. Nf3 Bb4+ 4. Nbd2 b6 5. a3 Bxd2+ 6. Bxd2 Bb7 7. g3 d6 8. Bg2 Nbd7 9. 0-0 0-0 10. Re1 h6 11. Qc2 Be4 12. Qc3 c5 13. b4 cxd4 14. Qxd4 Qc7 15. Red1 Rac8 16. Rac1 Rfd8 17. Qb2 Bxf3 18. Bxf3 Ne5 19. Bc3 Nfd7 20. Qa1 f6 21. Bxe5 Nxe5 22. Rd4 d5 23. c5 Nxf3+ 24. exf3 bxc5 25. Rxc5 Qb6 26. Qc3 Rxc5 27. Qxc5 Qxc5 28. bxc5 Rc8 29. Ra4 Rxc5 30. Rxa7 Rc1+ 31. Kg2 e5 32. Rd7 Rc5 33. Kf1 d4 34. f4 Kf8 35. fxe5 fxe5 36. f4 Rc1+ 37. Kf2 Rc2+ 38. Kg1 exf4 39. Rxd4 fxg3 40. hxg3 Rc3 41. Kg2 Rxa3 42. Rd7 Re3 43. Ra7 Re7 44. Ra6 Kf7 45. Kf3 Re6 46. Ra4 Kf6 47. Rf4+ Ke7 48. Ra4 Rb6 49. Re4+ Kf7 50. Ra4 g6 51. Re4 Rb5 52. Rf4+ Kg7 53. Kg2 h5 54. Kh3 Kh6 55. Ra4 Kg5 56. Rc4 Re5 57. Ra4 Re3 58. Ra5+ Kf6 59. Ra6+ Kg7 60. Ra7+ Kh6 61. Ra5 g5 62. Ra6+ Kg7 63. Kg2 g4 64. Rb6 Rf3 65. Ra6 Rf6 66. Ra7+ Kg6 67. Ra5 Rf5 68. Ra6+ Kg5 69. Ra8 Re5 70. Rf8 Re2+ 71. Kf1 Ra2 72. Kg1 Ra5 73. Kg2 Rf5 74. Ra8 Kf6 75. Ra6+ Ke5 76. Ra5+ Ke4 77. Ra4+ Kd3 78. Ra3+ Kc4 79. Ra4+ Kb3 80. Ra8 Rd5 81. Rb8+ Kc3 82. Rc8+ Kd2 83. Re8 Kd1 84. Rh8 Re5 85. Rh7 Kd2 86. Rd7+ Ke3 87. Rh7 Kd3 88. Rd7+ Ke4 89. Rf7 Rd5 90. Re7+ Kf5 91. Rf7+ Kg6 92. Rf8 Rd2+ 93. Kg1 Kg5 94. Rh8 Kg6 95. Rf8 Ra2 96. Kh1 Kg5 97. Kg1 h4 98. Rg8+ Kf5 99. Rf8+ Kg5 100. Rg8+ Kf5 101. Rf8+ Kg5 102. Rg8+ 1/2-1/2

[Event "CHN-chT (Women)"]
[Site "Hangzhou"]
[Date "2023.05.21"]
[Round "3.1"]
[White "Wang, Chuqiao"]
[Black "Shao, Qiyu"]
[Result "1-0"]
[WhiteElo "2021"]
[BlackElo "1506"]
[PlyCount "97"]
[EventDate "2023.05.19"]
[EventType "team-swiss"]
[EventRounds "9"]
[EventCountry "CHN"]
[SourceTitle "CBM 214 Extra"]
[Source "ChessBase"]
[SourceDate "2023.07.31"]
[SourceVersion "1"]
[SourceVersionDate "2023.07.31"]
[SourceQuality "1"]
[WhiteTeam "Chongqing (W)"]
[BlackTeam "Qingdao (W)"]
[WhiteTeamCountry "CHN"]
[BlackTeamCountry "CHN"]

1. d4 d5 2. c4 Nf6 3. cxd5 Nxd5 4. e4 Nf6 5. Nc3 e5 6. dxe5 Qxd1+ 7. Kxd1 Ng4 8. Nh3 c6 9. f4 Bc5 10. Kc2 b5 11. Be2 0-0 12. Bxg4 Bxg4 13. Re1 Na6 14. a3 b4 15. Na4 Bd4 16. Be3 Rfd8 17. Nf2 Be6 18. Rad1 c5 19. f5 Bd7 20. Bxd4 cxd4 21. Kb3 Rab8 22. Nd3 bxa3+ 23. Kxa3 Bb5 24. Nac5 Nxc5 25. Nxc5 Rdc8 26. Nb3 d3 27. Rc1 Rd8 28. Nd2 Rb6 29. b3 Kf8 30. Rc5 a5 31. Rec1 Rbb8 32. Rd5 Be8 33. Rxd8 Rxd8 34. Rc5 a4 35. bxa4 Rd4 36. Rc4 Rd8 37. Kb3 Rb8+ 38. Kc3 Ra8 39. Kxd3 Bxa4 40. Ke3 Bb5 41. Rc5 Ra3+ 42. Kf4 Bd7 43. Rd5 Ke8 44. Nf3 h6 45. Nd4 g5+ 46. fxg6 fxg6 47. e6 Bc8 48. Ke5 Re3 49. Nc6 1-0

[Event "CHN-ch sf (Women)"]
[Site "Hefei"]
[Date "2023.04.28"]
[Round "11"]
[White "Wang, Chuqiao"]
[Black "Cai, Youyang"]
[Result "1-0"]
[WhiteElo "2022"]
[BlackElo "1968"]
[PlyCount "59"]
[EventDate "2023.04.23"]
[EventType "swiss"]
[EventRounds "11"]
[EventCountry "CHN"]
[SourceTitle "CBM 214 Extra"]
[Source "ChessBase"]
[SourceDate "2023.07.31"]
[SourceVersion "1"]
[SourceVersionDate "2023.07.31"]
[SourceQuality "1"]

1. d4 d5 2. c4 c6 3. Nf3 Nf6 4. e3 e6 5. b3 Nbd7 6. Bb2 b6 7. Nbd2 Bb7 8. Bd3 Be7 9. 0-0 0-0 10. Rc1 Rc8 11. Qe2 c5 12. Rfd1 Ne4 13. cxd5 exd5 14. Ba6 Bxa6 15. Qxa6 Qc7 16. Nxe4 dxe4 17. Nd2 Qc6 18. b4 Bf6 19. Rc2 Qd5 20. Rdc1 Rb8 21. bxc5 bxc5 22. Ba3 Rb6 23. Qa4 Rc8 24. Bxc5 Rbc6 25. Qxa7 h6 26. Qa3 Qf5 27. Qb3 Bh4 28. g3 Nf6 29. Qc4 Ng4 30. Qe2 1-0

[Event "China zt 3.5 (Women)"]
[Site "Shenzhen"]
[Date "2023.04.12"]
[Round "8"]
[White "Yuan, Ye"]
[Black "Wang, Chuqiao"]
[Result "1-0"]
[WhiteElo "2112"]
[BlackElo "2022"]
[PlyCount "93"]
[EventDate "2023.04.05"]
[EventType "swiss"]
[EventRounds "9"]
[EventCountry "CHN"]
[SourceTitle "CBM 213 Extra"]
[Source "ChessBase"]
[SourceDate "2023.05.31"]
[SourceVersion "1"]
[SourceVersionDate "2023.05.31"]
[SourceQuality "1"]

1. d4 d5 2. c4 c6 3. Nf3 Nf6 4. e3 e6 5. Bd3 Nbd7 6. Nbd2 c5 7. cxd5 Nxd5 8. 0-0 cxd4 9. Nxd4 Be7 10. Qg4 g6 11. Qe2 0-0 12. N2f3 Bf6 13. Rd1 Nb4 14. Bc4 Qe7 15. a3 Nc6 16. Nxc6 bxc6 17. e4 e5 18. Be3 Nb6 19. Rac1 Rd8 20. Rxd8+ Qxd8 21. Ba2 Bd7 22. Rc5 Qe7 23. Ra5 Nc8 24. Qc2 Qd6 25. Bg5 Bg7 26. Bd2 Be6 27. Bb4 Qd7 28. Bxe6 Qxe6 29. Qd3 Nb6 30. Rxa7 Re8 31. Ng5 Qa2 32. g3 Qxb2 33. Nxf7 c5 34. Ba5 c4 35. Qe3 Nc8 36. Rc7 Qd4 37. Qe2 Nd6 38. Nxd6 Qxd6 39. Qxc4+ Kh8 40. Rc8 Qf8 41. Rxe8 Qxe8 42. Bb6 h5 43. a4 h4 44. a5 Qb8 45. Qc7 Qg8 46. Qd8 Bf8 47. Bc7 1-0

[Event "China zt 3.5 (Women)"]
[Site "Shenzhen"]
[Date "2023.04.08"]
[Round "4"]
[White "Zhang, Xiao"]
[Black "Wang, Chuqiao"]
[Result "1-0"]
[WhiteElo "2074"]
[BlackElo "2022"]
[PlyCount "89"]
[EventDate "2023.04.05"]
[EventType "swiss"]
[EventRounds "9"]
[EventCountry "CHN"]
[SourceTitle "CBM 213 Extra"]
[Source "ChessBase"]
[SourceDate "2023.05.31"]
[SourceVersion "1"]
[SourceVersionDate "2023.05.31"]
[SourceQuality "1"]

1. d4 d5 2. c4 c6 3. Nf3 Nf6 4. Nc3 e6 5. g3 g6 6. Bg2 Bg7 7. 0-0 0-0 8. b3 b6 9. Qc2 Bb7 10. Ba3 Re8 11. e4 dxe4 12. Nxe4 Nxe4 13. Qxe4 Qc7 14. Ne5 f6 15. Nd3 Nd7 16. Rad1 Rad8 17. Rfe1 Nf8 18. Bb2 Qf7 19. h4 Re7 20. Qe2 Rde8 21. Bh3 Bc8 22. Ba3 Rb7 23. Bd6 Rd8 24. c5 bxc5 25. dxc5 Bd7 26. Nb2 e5 27. Bg2 Ne6 28. Qa6 Rb4 29. Qxa7 Be8 30. Qa6 Nd4 31. Qa5 Rbb8 32. Bxb8 Rxb8 33. Nc4 Bf8 34. Nd6 Qd7 35. Nxe8 Rxe8 36. Qb6 Be7 37. Rxd4 Qxd4 38. Qxc6 Kf8 39. Qe6 Bxc5 40. Qxf6+ Kg8 41. Bf1 h5 42. Qxg6+ Kf8 43. Re3 e4 44. Bc4 Qa1+ 45. Kg2 1-0

[Event "Shenzhen op (Women)"]
[Site "Shenzhen"]
[Date "2023.03.30"]
[Round "1.1"]
[White "Wang, Chuqiao"]
[Black "Ju, Wenjun"]
[Result "0-1"]
[WhiteElo "2022"]
[BlackElo "2550"]
[PlyCount "126"]
[EventDate "2023.03.30"]
[EventType "k.o. (rapid)"]
[EventRounds "4"]
[EventCountry "CHN"]
[SourceTitle "CBM 213 Extra"]
[Source "ChessBase"]
[SourceDate "2023.05.31"]
[SourceVersion "1"]
[SourceVersionDate "2023.05.31"]
[SourceQuality "1"]

1. d4 Nf6 2. c4 e6 3. Nf3 d5 4. Nc3 Bb4 5. Bg5 h6 6. Bxf6 Qxf6 7. Qb3 c5 8. e3 0-0 9. a3 Bxc3+ 10. bxc3 dxc4 11. Qxc4 Nd7 12. Be2 b6 13. 0-0 Bb7 14. Rfd1 Rfd8 15. Qa4 cxd4 16. cxd4 e5 17. Rac1 exd4 18. Qxd4 Qxd4 19. Rxd4 Nc5 20. Rcd1 Rxd4 21. Nxd4 Kf8 22. f3 g6 23. Kf2 Ke7 24. e4 Rd8 25. Ke3 a6 26. Bc4 b5 27. Ba2 Ne6 28. Rd2 Nxd4 29. Rxd4 Rc8 30. Kd2 f6 31. g3 Rc5 32. h4 g5 33. hxg5 hxg5 34. f4 gxf4 35. gxf4 Rh5 36. Kc3 Rh4 37. Bd5 Bxd5 38. exd5 Kd6 39. Kb4 Rh3 40. a4 bxa4 41. Kxa4 Rh5 42. Rb4 Kc5 43. d6 Rd5 44. Kb3 Rxd6 45. Ra4 Kd5 46. Kc3 Rb6 47. Kd3 Kc5 48. Kc3 Kb5 49. Rb4+ Ka5 50. Rd4 Rc6+ 51. Kb3 Rc5 52. Ra4+ Kb6 53. Re4 a5 54. Ka4 Rc6 55. Rd4 Re6 56. Rc4 f5 57. Kb3 Re4 58. Rxe4 fxe4 59. f5 Kc6 60. Kc4 Kd6 61. Kd4 a4 62. Kxe4 a3 63. f6 a2 0-1

[Event "CHN-chT (Women)"]
[Site "Nanjing"]
[Date "2023.02.22"]
[Round "9.2"]
[White "Wang, Chuqiao"]
[Black "Ou, Ruxi"]
[Result "0-1"]
[WhiteElo "2083"]
[BlackElo "1390"]
[PlyCount "98"]
[EventDate "2023.02.14"]
[EventType "team-swiss"]
[EventRounds "9"]
[EventCountry "CHN"]
[SourceTitle "CBM 212 Extra"]
[Source "ChessBase"]
[SourceDate "2023.03.31"]
[SourceVersion "1"]
[SourceVersionDate "2023.03.31"]
[SourceQuality "1"]
[WhiteTeam "Chongqing (W)"]
[BlackTeam "Guangdong (W)"]
[WhiteTeamCountry "CHN"]
[BlackTeamCountry "CHN"]

1. d4 Nf6 2. c4 e6 3. Nc3 d5 4. cxd5 exd5 5. Bg5 Be7 6. e3 c6 7. Qc2 Nbd7 8. Bd3 h6 9. Bf4 Nh5 10. Nxd5 cxd5 11. Bc7 Bb4+ 12. Kf1 Qe7 13. Nf3 Bd6 14. Bxd6 Qxd6 15. g4 Nhf6 16. Rg1 Nb6 17. g5 hxg5 18. Rxg5 g6 19. Bxg6 Bh3+ 20. Ke2 fxg6 21. Qxg6+ Kd8 22. Ne5 Rf8 23. Nf7+ Rxf7 24. Qxf7 Rc8 25. Rag1 Nbd7 26. Qg6 Qb4 27. Kf3 Qxb2 28. Qh6 Be6 29. Qh4 Qc2 30. a3 Qe4+ 31. Qxe4 Nxe4 32. Rg6 Ke7 33. Rg7+ Kd6 34. R1g2 Rf8+ 35. Ke2 b5 36. f3 Nef6 37. h4 Rh8 38. Rh2 Bf5 39. Rg5 Ke6 40. h5 Rc8 41. Rh4 Rc2+ 42. Kd1 Rc3 43. Ke2 Rxa3 44. h6 Bh7 45. e4 dxe4 46. fxe4 Nxe4 47. Rg7 Nef6 48. Rg5 b4 49. Rb5 Bd3+ 0-1